LEADER 01398nam a2200277 u 4500 001 000000041239 003 CaOOAMICUS 005 20070226114206.0 008 981117s1952 it u000 u ita u 035 $a10808203 040 $aBAV$bita$dIAR 041 1 $aita$hfre 100 1 $aRégamey, Pie,$cO.P.$0(OLS)http://pul/name/27566 240 10$aPlus beaux textes sur la Vierge Marie.$lItaliano.$0(OLS)http://pul/title/55660 245 10$aVergine madre figlia del tuo figlio :$ble più belle pagine dall'antichità a oggi scritte sulla Madonna /$craccolte da padre Pio Regamey ; unica traduzione autorizzata dal francese di Giancarlo Vigorelli. 260 $aRoma :$bAtlante,$c1952. 300 $a524 p. :$bill. ;$c27 cm 500 $aTit. originale: Le plus beaux textes sur la Vierge Marie. 600 04$aMaria Virgo,$cs.$xAntologie.$0(OLS)http://pul/subject/18602 650 4$aLetteratura religiosa.$0(OLS)http://pul/subject/18603 700 1 $aVigorelli, Giancarlo.$0(OLS)http://pul/name/30366 850 $aPUL 852 $aPUL$W1$xDP1 Fondo Cecchetti$y53$m285 C 1$j55908$nBK-PRI$b $qFondi$B55908$CPULBib$Z2$F55908 $HPUL8120 $81 941 1 $a1 996 $6245$aVergine madre figlia del tuo figlio :$ble più belle pagine dall'antichità a oggi scritte sulla Madonna$9(OLS)http://pul/title/55661 996 $6260$aRoma :$bAtlante$9(OLS)http://pul/publisher/64510 LEADER 01278nam a2200301 a 4500 001 000000139481 003 CaOOAMICUS 005 20140725120110.0 008 140725s2014 it u000 u ita r 020 $a978-88-6409-292-8 040 $aPUL$bita 082 04$a261.55 100 1 $aStrumìa, Alberto.$0(OLS)http://pul/name/43235 245 10$aScienza e teologia a confronto :$baspetti epistemologici e fondazionali /$cAlberto Strumia. 260 $aVerona :$bFede & Cultura,$c2014. 300 $a227 p. ;$c24 cm 490 1 $aTeologia ecclesiale. Strumenti ;$v12/6 504 $aBibliografia in nota. 650 4$aTeologia e scienza.$0(OLS)http://pul/subject/21827 830 0$aTeologia ecclesiale.$pStrumenti ;$v12/6.$0(OLS)http://pul/title/176580 850 $aPUL 852 $aPUL$W1$xSL Religione 3$y85$m261. 55 STRAL 1$j161118$qDDC 21$B160563$CPULBib$Z2$F160563 $H124511 $82 941 1 $a9 996 $6020$a978-88-6409-292-8$9(OLS)http://pul/number/155880 996 $6082$a261.55$9(OLS)http://pul/classification/1825 996 $6245$aScienza e teologia a confronto :$baspetti epistemologici e fondazionali$9(OLS)http://pul/title/176579 996 $6260$aVerona :$bFede & Cultura$9(OLS)http://pul/publisher/79442